Динамика сорного компонента агрофитоценозов в земледелии юга Нечерноземья (Запись № 11444049)

Подробности
000 -МАРКЕР
контрольное поле 02452nam0a2200397 i 4500
001 - ИДЕНТИФИКАТОР ЗАПИСИ
контрольное поле RU\NLR\BIBL_A\011105426
005 - ИДЕНТИФИКАТОР ВЕРСИИ
контрольное поле 20260406051552.0
010 ## - МЕЖДУНАРОДНЫЙ СТАНДАРТНЫЙ НОМЕР КНИГИ (ISBN)
Номер (ISBN) 9785710331682
Тираж 100
021 ## - НОМЕР ГОСУДАРСТВЕННОЙ РЕГИСТРАЦИИ
Код страны Российская Федерация
Номер 2016-26244
Номер Листа государственной регистраци 1674
035 ## - ДРУГИЕ СИСТЕМНЫЕ НОМЕРА
Идентификатор записи (NILC)RuMoRGB-008264917
035 ## - ДРУГИЕ СИСТЕМНЫЕ НОМЕРА
Идентификатор записи (NLR Aleph) 011105426
100 ## - ДАННЫЕ ОБЩЕЙ ОБРАБОТКИ
Данные общей обработки 20160420d2015 km y0rusy50 ca
101 0# - ЯЗЫК РЕСУРСА
Язык текста, звукозаписи и т.д. русский
Язык резюме английский
Язык оглавления английский
102 ## - СТРАНА ПУБЛИКАЦИИ ИЛИ ПРОИЗВОДСТВА
Страна публикации Российская Федерация
105 ## - ПОЛЕ КОДИРОВАННЫХ ДАННЫХ: ТЕКСТОВЫЕ МАТЕРИАЛЫ, МОНОГРАФИЧЕСКИЕ
Кодированные данные о монографическом текстовом документе a|||z|||000yy
200 1# - ЗАГЛАВИЕ И СВЕДЕНИЯ ОБ ОТВЕТСТВЕННОСТИ
Основное заглавие Динамика сорного компонента агрофитоценозов в земледелии юга Нечерноземья
Параллельное заглавие Dynamics of weed component agrophytocenoses in agriculture south nechernozemie
Сведения, относящиеся к заглавию монография
Первые сведения об ответственности [Д. В. Бочкарев, Н. В. Смолин, А. Н. Никольский, Т. Ф. Девяткина]
Последующие сведения об ответственности М-во образования и науки Российской Федерации, Федеральное гос. бюджетное образовательное учреждение высш. проф. образования "Мордовский гос. ун-т им. Н. П. Огарёва"
Язык параллельного заглавия английский
210 ## - ПУБЛИКАЦИЯ, РАСПРОСТРАНЕНИЕ И ДР.
Место издания, распространения и т.д. Саранск
Имя издателя, распространителя и т. д. Изд-во Мордовского университета
Дата издания, распространения и т.д. 2015
215 ## - ФИЗИЧЕСКАЯ ХАРАКТЕРИСТИКА
Специфическое обозначение материала и объем 173, [2] с.
Другие сведения о физической характеристике табл., цв. ил.
Размеры 20
300 ## - ОБЩИЕ ПРИМЕЧАНИЯ
Текст примечания Авт. указаны на обороте тит. с.
300 ## - ОБЩИЕ ПРИМЕЧАНИЯ
Текст примечания Рез. англ.
320 ## - ПРИМЕЧАНИЯ О НАЛИЧИИ В ДОКУМЕНТЕ БИБЛИОГРАФИИ / УКАЗАТЕЛЯ
Текст примечания Библиогр.: с. 165-174 (164 назв.)
510 1# - ПАРАЛЛЕЛЬНОЕ ЗАГЛАВИЕ
Параллельное заглавие Dynamics of weed component agrophytocenoses in agriculture south nechernozemie
Язык заглавия английский
606 1# - НАИМЕНОВАНИЕ ТЕМЫ КАК ПРЕДМЕТ
Наименование темы Агрофитоценозы
Тематический подзаголовок Сорные растения
Географический подзаголовок Российская Федерация
-- Нечернозёмный центр
Системный номер авторитетной/нормативной записи 2287514
Идентификатор авторитетной/нормативной записи RU\NLR\AUTH\6601597924
675 ## - УНИВЕРСАЛЬНАЯ ДЕСЯТИЧНАЯ КЛАССИФИКАЦИЯ (UDC/УДК)
Индекс 632
686 1# - ИНДЕКСЫ ДРУГИХ КЛАССИФИКАЦИЙ
Индекс П146.71(2Р344)
701 #1 - ИМЯ ЛИЦА - АЛЬТЕРНАТИВНАЯ ОТВЕТСТВЕННОСТЬ
Начальный элемент ввода Бочкарев
Часть имени, кроме начального элемента ввода Д. В.
Расширение инициалов личного имени Дмитрий Владимирович
701 #1 - ИМЯ ЛИЦА - АЛЬТЕРНАТИВНАЯ ОТВЕТСТВЕННОСТЬ
Материалы, к которым относится поле rus
Графика поля Кириллица
Начальный элемент ввода Смолин
Часть имени, кроме начального элемента ввода Н. В.
Расширение инициалов личного имени Николай Васильевич
Идентификатор авторитетной/нормативной записи RU\NLR\AUTH\776808
Системный номер авторитетной/нормативной записи 116756
701 #1 - ИМЯ ЛИЦА - АЛЬТЕРНАТИВНАЯ ОТВЕТСТВЕННОСТЬ
Начальный элемент ввода Никольский
Часть имени, кроме начального элемента ввода А.Н.
Расширение инициалов личного имени Александр Николаевич
701 #1 - ИМЯ ЛИЦА - АЛЬТЕРНАТИВНАЯ ОТВЕТСТВЕННОСТЬ
Начальный элемент ввода Девяткина
Часть имени, кроме начального элемента ввода Т. Ф.
Расширение инициалов личного имени Татьяна Федоровна
712 02 - НАИМЕНОВАНИЕ ОРГАНИЗАЦИИ - ВТОРИЧНАЯ ОТВЕТСТВЕННОСТЬ
Код отношения Прочие
Начальный элемент ввода Мордовский государственный университет им. Н. П. Огарева
Идентифицирующий признак Саранск
Системный номер авторитетной/нормативной записи 357326
Идентификатор авторитетной/нормативной записи RU\NLR\AUTH\889930926
801 #0 - ИСТОЧНИК ЗАПИСИ
Страна Российская Федерация
Организация РГБ
Дата составления 20160401
Правила каталогизации RCR
942 ## - ДОПОЛНИТЕЛЬНЫЕ ЭЛЕМЕНТЫ ЗАПИСИ (АБИС)
Тип экземпляра АБИС Книга
980 ## - КОЛЛЕКЦИЯ
Название коллекции НБР

Нет доступных экземпляров.